[Event "105th British-ch 2018"]
[Site "Hull"]
[Date "2018.08.03"]
[Round "7"]
[White "De Coverly, Roger D"]
[Black "Thurlow, Kevin J"]
[Result "1/2-1/2"]
[WhiteElo "1920"]
[BlackElo "2030"]
[Annotator "NA"]
[PlyCount "79"]
[EventDate "2018.07.28"]
[EventType "swiss"]
[EventCountry "GBR"]
[SourceTitle "playchess.com"]
[Source "ChessBase"]
[SourceQuality "1"]
[TimeControl "40/5400+30:1800+30"]

1. e4 {[%emt 0:00:00]} c5 {[%emt 0:00:00]} 2. Nf3 {[%emt 0:00:00]} e6 {[%emt 0:00:00]} 3. d3 {[%emt 0:00:00]} d5 {[%emt 0:00:18]} 4. Nbd2 {[%emt 0:00:00]} Nc6 {[%emt 0:00:05]} 5. g3 {[%emt 0:00:20]} Nf6 {[%emt 0:01:28]} 6. Bg2 {[%emt 0:00:39]} dxe4 {[%emt 0:01:12]} 7. dxe4 {[%emt 0:00:31]} e5 {[%emt 0:01:33]} 8. O-O {[%emt 0:02:42]} Be7 {[%emt 0:02:21]} 9. c3 {[%emt 0:02:18]} O-O {[%emt 0:01:56]} 10. Nc4 {[%emt 0:03:44]} Qc7 {[%emt 0:01:07]} 11. Qc2 {[%emt 0:03:46]} b6 {[%emt 0:04:48]} 12. Re1 {[%emt 0:01:58]} Be6 {[%emt 0:04:12]} 13. Ne3 {[%emt 0:03:10]} h6 {[%emt 0:00:44]} 14. Nh4 {[%emt 0:01:59]} Rfd8 {[%emt 0:01:32]} 15. b3 {[%emt 0:07:44]} Rd7 {[%emt 0:03:30]} 16. Bb2 {[%emt 0:00:21]} Rad8 {[%emt 0:00:22]} 17. Rad1 {[%emt 0:00:19]} g6 {[%emt 0:08:00]} 18. Rxd7 {[%emt 0:02:16]} Rxd7 {[%emt 0:00:14]} 19. Rd1 {[%emt 0:04:26]} Qd8 {[%emt 0:03:51]} 20. Rxd7 {[%emt 0:00:50]} Qxd7 {[%emt 0:00:17]} 21. Qd1 {[%emt 0:00:32]} Qxd1+ {[%emt 0:00:26]} 22. Nxd1 {[%emt 0:00:05]} c4 {[%emt 0:00:29]} 23. b4 {[%emt 0:02:12]} b5 {[%emt 0:04:56]} 24. Ne3 {[%emt 0:02:11]} Bd8 {[%emt 0:00:35]} 25. Nd5 {[%emt 0:02:34]} Kg7 {[%emt 0:00:30]} 26. Bf3 {[%emt 0:01:58]} g5 {[%emt 0:08:59]} 27. Nxf6 {[%emt 0:04:04]} Kxf6 {[%emt 0:02:02]} 28. Nf5 {[%emt 0:01:56]} Kg6 {[%emt 0:08:29]} 29. Kf1 {[%emt 0:08:13]} h5 {[%emt 0:08:36]} 30. Bc1 {[%emt 0:01:44]} Ne7 {[%emt 0:01:08]} 31. Nd6 {[%emt 0:03:51]} a6 {[%emt 0:02:50]} 32. Be3 {[%emt 0:01:33]} Bc7 {[%emt 0:02:59]} 33. Bc5 {[%emt 0:12:09]} Nc8 {[%emt 0:03:39]} 34. Nb7 {[%emt 0:02:21]} Bd7 {[%emt 0:01:11]} 35. Be3 {[%emt 0:01:49]} Nb6 {[%emt 0:01:21]} 36. Nc5 {[%emt 0:03:41]} Bc8 {[%emt 0:00:12]} 37. Bd1 {[%emt 0:03:12]} Nd7 {[%emt 0:00:32]} 38. Bc2 {[%emt 0:01:32]} Nxc5 {[%emt 0:00:16]} 39. Bxc5 {[%emt 0:00:25]} g4 {[%emt 0:02:02]} 40. Ke2 {[%emt 0:00:36]} 1/2-1/2

[Event "105th British-ch 2018"]
[Site "Hull"]
[Date "2018.08.04"]
[Round "8"]
[White "Adams, Michael"]
[Black "Pert, Nicholas"]
[Result "1/2-1/2"]
[WhiteElo "2706"]
[BlackElo "2544"]
[Annotator "TA"]
[PlyCount "89"]
[EventDate "2018.07.28"]
[EventType "swiss"]
[EventCountry "GBR"]
[SourceTitle "playchess.com"]
[Source "ChessBase"]
[SourceQuality "1"]

{[%evp 18,89,8,0,41,41,22,34,103,132,137,129,139,133,125,108,110,95,96,103,110,99,133,118,122,120,120,121,188,158,189,91,93,93,143,91,93,71,93,55,59,49,72,47,85,71,93,93,91,82,93,82,93,85,93,93,93,78,85,76,78,61,72,72,72,88,75,110,124,77,72,0,0,0]} 1. e4 c5 2. Nf3 Nc6 3. Bb5 Nf6 4. Nc3 g6 5. h3 Bg7 (5... Nd4 6. e5 Nh5 7. Bc4 d6 8. exd6 Qxd6 9. d3 Bg7 10. Ne4 Qc7 11. c3 Ne6 12. Be3 O-O 13. O-O {½-½ (22) Movsesian,S (2677)-Salgado Lopez,I (2627) Linares 2017}) 6. e5 {B30: Sicilian: 2...Nc6 3 Bb5, lines without ...g6} Ng8 7. Bxc6 dxc6 8. d3 Nh6 9. g4 {[%cal Bg2g4,Bg4g5][%mdl 32]} O-O 10. Qe2 {LiveBook: 36 Games} Qb6 11. Nd2 Qc7 $146 ({Predecessor:} 11... f5 12. g5 Nf7 13. f4 Nd8 14. Nf3 Ne6 15. Nd1 Nd4 16. Qf2 {0-1 (41) Yurtseven,M (2356)-Nedev,T (2470) Skopje 2015}) 12. Nb3 f5 (12... f6 $14) 13. g5 $16 ({Reject} 13. Nxc5 $6 b6 $11) 13... Nf7 {[%cal Bh6f7,Bf7d8,Bd8e6,Be6d4][%mdl 32] [#]} 14. f4 $1 b6 15. Be3 Be6 16. Nd2 Bd5 17. Nf3 Nd8 18. h4 {[%cal Bh3h4,Bh4h5][%mdl 32]} Ne6 19. h5 Bxf3 20. Qxf3 Nd4 21. Qf2 Rfd8 22. O-O-O e6 (22... a5 $16 {keeps fighting.} 23. Bxd4 (23. hxg6 hxg6 24. Bxd4 cxd4 $16) 23... cxd4) 23. Rh4 Qd7 24. Ne2 (24. Rdh1 $18 {and White stays clearly on top.}) 24... Nxe2+ 25. Qxe2 Kf7 26. c4 (26. a4 $142) 26... Qc7 27. Rdh1 Rg8 28. R1h3 Rad8 29. Kc2 Qc8 30. Qf3 a5 31. Rh2 Qd7 32. Rd2 Qc7 33. Qh1 Qc8 34. Rh3 Qd7 35. Qf3 Qc8 36. Rh1 Rd7 37. Kd1 Rgd8 38. Ke2 a4 39. Rb1 Ra7 40. b4 axb3 41. Rxb3 Qc7 42. Rdb2 Rda8 43. Rxb6 Rxa2 {[#] Strongly threatening ...Qxb6.} 44. R6b3 (44. Kf1 $16 {Hoping for Rb7.} Rxb2 45. Rxb2) 44... Bxe5 $1 $11 45. fxe5 {Precision: White = 41%, Black = 48%.} 1/2-1/2

[Event "105th British-ch 2018"]
[Site "Hull"]
[Date "2018.08.04"]
[Round "8"]
[White "Mcshane, Luke J"]
[Black "Fodor, Tamas Jr"]
[Result "1-0"]
[WhiteElo "2669"]
[BlackElo "2506"]
[Annotator "TA"]
[PlyCount "79"]
[EventDate "2018.07.28"]
[EventType "swiss"]
[EventCountry "GBR"]
[SourceTitle "playchess.com"]
[Source "ChessBase"]
[SourceQuality "1"]

{[%evp 24,79,15,20,36,10,16,10,73,54,64,60,81,31,16,11,58,14,52,38,52,48,49,40,50,14,22,0,37,0,14,0,3,-10,0,-16,0,-14,-8,-8,0,-27,-24,-35,0,-34,190,200,175,193,218,215,670,676,29993,29994,29996,29997]} 1. e4 e6 2. d4 d5 3. Nd2 c5 4. Ngf3 Nf6 5. exd5 exd5 6. Bb5+ Bd7 7. Bxd7+ Nbxd7 8. O-O Be7 9. dxc5 Nxc5 10. Re1 O-O 11. Nf1 Re8 12. Be3 {[%cal Bc1e3,Be3d4,Bd4e5][%mdl 32]} Rc8 {C08: French Tarrasch: 3...c5 4 exd5 exd5 sidelines} 13. c3 {LiveBook: 9 Games} a5 14. Bd4 Ne6 {The position is equal.} 15. Be5 {[#]} Qb6 $146 (15... Ne4 $11) ({Predecessor:} 15... Ne4 16. Ng3 Qb6 17. Nxe4 dxe4 18. Rxe4 Qxb2 19. Rb1 Rcd8 20. Rxb2 Rxd1+ {½-½ (63) Hracek,Z (2636)-Berelowitsch,A (2540) Germany 2014}) 16. Re2 Nh5 17. g3 Bc5 18. Rd2 ({Of course not} 18. Qxd5 $6 Nef4 $11) 18... g6 19. Qb3 Qa7 20. Rad1 Rcd8 (20... Ng5 $5 21. Nxg5 Rxe5 22. Rxd5 Re7 $14) 21. Qc2 Ng5 22. Nxg5 Rxe5 23. Nf3 Rf5 24. Nd4 Re5 25. Nf3 Rf5 26. Nd4 Re5 27. Ne3 Nf6 28. Rd3 Rde8 29. a3 a4 30. Kg2 Kg7 31. Qc1 Qb6 32. Qc2 h5 33. h3 Ne4 (33... h4 {feels hotter.} 34. g4 Qd6 35. Re1 Bxd4 36. cxd4 R5e6) 34. f4 (34. Re1 {is more complex.} Nf6 35. Red1) 34... Nxc3 $2 {[#]} (34... Bxd4 $1 $15 {keeps the upper hand.} 35. cxd4 (35. Rxd4 R5e6 $11) 35... R5e6) 35. Rxc3 $18 Bxd4 36. fxe5 Bxe3 37. Rxd5 Bd4 $2 (37... Qe6 38. Qd3 Ba7) 38. Rd6 Qa7 39. Rc7 Bxe5 40. Qxg6+ {Precision: White = 39%, Black = 25%.} 1-0

[Event "105th British-ch 2018"]
[Site "Hull"]
[Date "2018.08.04"]
[Round "8"]
[White "Hawkins, Jonathan"]
[Black "Webb, Laurence"]
[Result "1-0"]
[WhiteElo "2590"]
[BlackElo "2306"]
[Annotator "ChessBase"]
[PlyCount "95"]
[EventDate "2018.07.28"]
[EventType "swiss"]
[EventCountry "GBR"]
[SourceTitle "playchess.com"]
[Source "ChessBase"]
[SourceQuality "1"]
[TimeControl "40/5400+30:1800+30"]

1. e4 {[%emt 0:03:31]} e6 {[%emt 0:00:11]} 2. d4 {[%emt 0:00:06]} d5 {[%emt 0:00:03]} 3. Nd2 {[%emt 0:00:06]} Be7 {[%emt 0:00:22]} 4. e5 {[%emt 0:00:07]} c5 {[%emt 0:00:27]} 5. c3 {[%emt 0:00:06]} Nc6 {[%emt 0:00:24]} 6. Bd3 {[%emt 0:02:17]} Nh6 {[%emt 0:01:26]} 7. Ne2 {[%emt 0:00:53]} Nf5 {[%emt 0:01:03]} 8. Nf3 {[%emt 0:01:23]} Nh4 {[%emt 0:06:55]} 9. Nxh4 {[%emt 0:04:40]} Bxh4 {[%emt 0:00:03]} 10. Be3 {[%emt 0:01:04]} cxd4 {[%emt 0:01:46]} 11. Bxd4 {[%emt 0:03:24]} Bd7 {[%emt 0:04:00]} 12. O-O {[%emt 0:00:47]} Be7 {[%emt 0:02:17]} 13. Kh1 {[%emt 0:05:34]} Nxd4 {[%emt 0:09:13]} 14. Nxd4 {[%emt 0:05:39]} Qb6 {[%emt 0:07:20]} 15. Qe2 {[%emt 0:00:21]} a6 {[%emt 0:07:10]} 16. a4 {[%emt 0:02:10]} a5 {[%emt 0:10:21]} 17. f4 {[%emt 0:07:10]} g6 {[%emt 0:00:55]} 18. Bb5 {[%emt 0:10:54]} Bxb5 {[%emt 0:05:35]} 19. axb5 {[%emt 0:00:05]} Bc5 {[%emt 0:02:08]} 20. Nb3 {[%emt 0:03:43]} a4 {[%emt 0:07:59]} 21. Nxc5 {[%emt 0:05:44]} Qxc5 {[%emt 0:00:54]} 22. Ra3 {[%emt 0:00:07]} O-O {[%emt 0:02:21]} 23. Rfa1 {[%emt 0:00:36]} d4 {[%emt 0:03:29]} 24. c4 {[%emt 0:02:32]} d3 {[%emt 0:03:46]} 25. Qxd3 {[%emt 0:00:50]} Qf2 {[%emt 0:00:18]} 26. Qe4 {[%emt 0:05:57]} b6 {[%emt 0:02:08]} 27. b3 {[%emt 0:02:39]} Rad8 {[%emt 0:04:07]} 28. Rxa4 {[%emt 0:06:31]} Rd4 {[%emt 0:01:40]} 29. Qf3 {[%emt 0:05:59]} Qxf3 {[%emt 0:10:23]} 30. gxf3 {[%emt 0:00:06]} Rd3 {[%emt 0:00:03]} 31. Ra6 {[%emt 0:01:58]} Rxb3 {[%emt 0:01:34]} 32. Rxb6 {[%emt 0:01:02]} Rd8 {[%emt 0:01:28]} 33. Rd6 {[%emt 0:03:39]} Rc8 {[%emt 0:00:20]} 34. Rc6 {[%emt 0:06:45]} Rd8 {[%emt 0:00:12]} 35. Kg2 {[%emt 0:00:06]} Rd2+ {[%emt 0:00:44]} 36. Kg3 {[%emt 0:00:10]} Rbb2 {[%emt 0:01:06]} 37. Rg1 {[%emt 0:00:20]} Rxh2 {[%emt 0:01:18]} 38. b6 {[%emt 0:00:47]} Rhc2 {[%emt 0:01:52]} 39. c5 {[%emt 0:00:53]} Rc4 {[%emt 0:01:11]} 40. Rc7 {[%emt 0:00:38]} Rcb4 {[%emt 0:00:33]} 41. Rd1 {[%emt 0:30:37]} h5 {[%emt 0:01:05]} 42. Rd8+ {[%emt 0:00:00]} Kg7 {[%emt 0:00:11]} 43. Rdd7 {[%emt 0:00:00]} h4+ {[%emt 0:00:07]} 44. Kg4 {[%emt 0:00:00]} g5 {[%emt 0:04:29]} 45. Rxf7+ {[%emt 0:00:00]} Kg8 {[%emt 0:00:10]} 46. Kxg5 {[%emt 0:00:00]} Rg2+ {[%emt 0:00:40]} 47. Kh6 {[%emt 0:00:00]} h3 {[%emt 0:01:09]} 48. Rf6 {[%emt 0:00:00]} 1-0

[Event "105th British-ch 2018"]
[Site "Hull"]
[Date "2018.08.04"]
[Round "8"]
[White "Adair, James R"]
[Black "Arkell, Keith C"]
[Result "*"]
[WhiteElo "2492"]
[BlackElo "2406"]
[Annotator "ChessBase"]
[PlyCount "136"]
[EventDate "2018.07.28"]
[EventType "swiss"]
[EventCountry "GBR"]
[SourceTitle "playchess.com"]
[Source "ChessBase"]
[SourceQuality "1"]
[TimeControl "40/5400+30:1800+30"]

1. e4 {[%emt 0:00:01]} e6 {[%emt 0:00:00]} 2. d4 {[%emt 0:00:05]} d5 {[%emt 0:00:00]} 3. Nc3 {[%emt 0:00:05]} dxe4 {[%emt 0:00:00]} 4. Nxe4 {[%emt 0:00:05]} Bd7 {[%emt 0:00:00]} 5. Nf3 {[%emt 0:00:16]} Bc6 {[%emt 0:00:00]} 6. Bd3 {[%emt 0:00:06]} Nd7 {[%emt 0:00:00]} 7. O-O {[%emt 0:00:25]} Ngf6 {[%emt 0:00:04]} 8. Ng3 {[%emt 0:00:24]} (8. Ned2 {[%cal Gf1e1,Gf3e5]}) 8... Be7 {[%emt 0:00:17]} 9. Re1 {[%emt 0:00:34]} (9. Ne5 Nxe5 10. dxe5 Qd5 {[%cal Gd5e5]}) 9... Bxf3 {[%emt 0:00:09]} (9... O-O {[%cal Gc2c3]} 10. Ne5 Nxe5 11. dxe5 Qd5 {[%csl Ge5][%cal Gd5g2]} 12. f3 Bc5+ 13. Kh1 Ng4) 10. Qxf3 {[%emt 0:00:06]} c6 {[%emt 0:00:04]} 11. c3 {[%emt 0:00:53]} O-O {[%emt 0:00:14]} 12. Bc2 {[%emt 0:01:20]} Re8 {[%emt 0:00:21]} 13. Bd2 {[%emt 0:02:50]} Qb6 {[%emt 0:05:18]} (13... Nf8 14. Rad1 Qb6 15. Bc1 {[%csl Gc1]}) 14. b3 {[%emt 0:06:26]} Rac8 {[%emt 0:04:03]} 15. Rad1 {[%emt 0:03:11]} c5 {[%emt 0:10:40]} 16. dxc5 {[%emt 0:03:07]} Bxc5 {[%emt 0:00:07]} 17. Ne4 {[%emt 0:06:42]} (17. c4 {[%csl Gc2,Gc5][%cal Gc5b4]}) 17... Be7 {[%emt 0:03:58]} (17... Nxe4 18. Qxe4 (18. Rxe4 {[%csl Gb6,Gd1,Gd7,Gh7][%cal Ge4h4]}) 18... Bxf2+ {[%cal Gg1h1]} 19. Kh1 Nf6 {[%csl Ge4,Gh7]}) 18. c4 {[%emt 0:09:10]} (18. Nxf6+ Nxf6 {[%cal Ge1e4]}) (18. Ng5 {[%cal Gd7f8]} h6 19. Nxe6 fxe6 20. Bxh6 gxh6 21. Qg3+ Kh8 22. Qg6 Bf8 (22... Nf8 23. Qxh6+ N8h7 24. Rxe6 Qxe6 25. Bxh7)) 18... Qa6 {[%emt 0:08:33]} 19. Bc3 {[%emt 0:09:19]} Red8 {[%emt 0:03:00]} (19... Qxa2 20. Re2 (20. Nxf6+ Nxf6 21. Qd3) (20. Qd3 Qa6 21. Nxf6+ Nxf6 22. Bxf6 Bxf6 23. Qxh7+ Kf8 24. Rd7 {[%csl Gf7][%cal Gg7g6]}) (20. Rxd7 Nxd7 21. Qd3) 20... Qa6 21. Rxd7 Nxd7 22. Qg3 e5 {[%cal Ga6h6]}) 20. Qg3 {[%emt 0:07:50]} g6 {[%emt 0:03:52]} 21. a4 {[%emt 0:13:32]} Nxe4 {[%emt 0:07:15]} 22. Bxe4 {[%emt 0:01:25]} Qb6 {[%emt 0:04:58]} 23. a5 {[%emt 0:05:30]} Qc7 {[%emt 0:01:50]} 24. Qxc7 {[%emt 0:03:53]} Rxc7 {[%emt 0:00:04]} 25. g3 {[%emt 0:01:57]} Rdc8 {[%emt 0:01:01]} 26. Re3 {[%emt 0:01:47]} b6 {[%emt 0:04:59]} 27. Bc2 {[%emt 0:03:11]} Nf6 {[%emt 0:05:21]} 28. Be5 {[%emt 0:03:58]} Rc5 {[%emt 0:01:09]} 29. axb6 {[%emt 0:00:12]} axb6 {[%emt 0:00:12]} 30. Bd4 {[%emt 0:00:50]} R5c6 {[%emt 0:00:07]} 31. Re5 {[%emt 0:00:51]} Ng4 {[%emt 0:04:03]} 32. Rb5 {[%emt 0:01:18]} Bc5 {[%emt 0:00:17]} 33. h3 {[%emt 0:02:00]} Bxd4 {[%emt 0:00:12]} 34. Rxd4 {[%emt 0:00:19]} Nf6 {[%emt 0:00:12]} 35. Bd1 {[%emt 0:03:37]} Rb8 {[%emt 0:00:46]} 36. Bf3 {[%emt 0:02:04]} Rc5 {[%emt 0:00:12]} 37. Rb4 {[%emt 0:00:24]} Ne8 {[%emt 0:03:58]} 38. Rd7 {[%emt 0:01:47]} Rc7 {[%emt 0:11:35]} 39. Rxc7 {[%emt 0:00:16]} Nxc7 {[%emt 0:00:04]} 40. c5 {[%emt 0:05:43]} b5 {[%emt 0:00:22]} 41. Rd4 {[%emt 0:04:36]} Na6 {[%emt 0:03:34]} 42. c6 {[%emt 0:02:38]} (42. b4 e5 {[%csl Gb4,Gd4]}) 42... Rc8 {[%emt 0:00:50]} 43. Rd6 {[%emt 0:04:48]} (43. Be2) 43... Nb4 {[%emt 0:11:02]} 44. Be2 {[%emt 0:05:26]} Nxc6 {[%emt 0:08:17]} 45. Bxb5 {[%emt 0:00:04]} Na5 {[%emt 0:01:56]} 46. Ba4 {[%emt 0:00:17]} Rb8 {[%emt 0:01:04]} 47. Rd3 {[%emt 0:01:55]} Kg7 {[%emt 0:10:37]} 48. Kf1 {[%emt 0:00:38]} Rb4 {[%emt 0:00:15]} 49. Ke2 {[%emt 0:01:20]} Nb7 {[%emt 0:00:05]} 50. Rc3 {[%emt 0:00:49]} Nd6 {[%emt 0:00:06]} 51. Rd3 {[%emt 0:01:58]} Ne4 {[%emt 0:00:43]} 52. Ke3 {[%emt 0:02:16]} Nc5 {[%emt 0:03:53]} 53. Rc3 {[%emt 0:00:17]} Nxa4 {[%emt 0:00:08]} 54. bxa4 {[%emt 0:00:03]} Rxa4 {[%emt 0:00:05]} 55. h4 {[%emt 0:01:18]} h6 {[%emt 0:00:15]} 56. Rc7 {[%emt 0:00:41]} g5 {[%emt 0:00:15]} 57. hxg5 {[%emt 0:00:06]} hxg5 {[%emt 0:00:03]} 58. Rb7 {[%emt 0:02:21]} Ra3+ {[%emt 0:00:13]} 59. Ke2 {[%emt 0:00:12]} Kg6 {[%emt 0:00:24]} 60. Re7 {[%emt 0:00:07]} g4 {[%emt 0:00:55]} 61. Kd2 {[%emt 0:00:25]} Kf6 {[%emt 0:00:10]} 62. Rb7 {[%emt 0:00:18]} e5 {[%emt 0:00:07]} 63. Ke2 {[%emt 0:00:25]} Ke6 {[%emt 0:00:08]} 64. Rb6+ {[%emt 0:00:33]} Kf5 {[%emt 0:00:06]} 65. Rb7 {[%emt 0:00:19]} f6 {[%emt 0:00:06]} 66. Rb6 {[%emt 0:00:16]} Rc3 {[%emt 0:00:08]} 67. Ra6 {[%emt 0:00:14]} Rc5 {[%emt 0:00:18]} 68. Ke3 {[%emt 0:00:15]} Rb5 {[%emt 0:00:06]} *

[Event "105th British-ch 2018"]
[Site "Hull"]
[Date "2018.08.04"]
[Round "8"]
[White "Fernandez, Daniel Howard"]
[Black "Howell, David Wl"]
[Result "0-1"]
[WhiteElo "2485"]
[BlackElo "2687"]
[Annotator "TA"]
[PlyCount "122"]
[EventDate "2018.07.28"]
[EventType "swiss"]
[EventCountry "GBR"]
[SourceTitle "playchess.com"]
[Source "ChessBase"]
[SourceQuality "1"]

{[%evp 9,122,14,9,10,22,12,3,7,4,4,4,0,33,33,63,-4,-4,-5,0,0,0,0,0,0,0,-23,-1,-26,-20,-22,-27,-55,-35,-56,-27,-34,-22,-22,-22,-24,-23,-22,-24,-23,-23,-22,-23,-22,-22,-22,0,-22,0,-21,-20,-21,-19,-26,-9,-38,-38,-37,-42,-55,-57,-120,-97,-104,-108,-80,0,-94,0,-85,-31,-130,-131,-138,-125,-145,-145,-145,-145,-141,-141,-141,-131,-135,-137,-181,-181,-181,-181,-1830,-1809,-1697,-1693,-1673,-1620,-1406,-1387,-1364,-1269,-6079,-5730,-5181,-4658,-10415,-5635,-12839,-12823,-12830,-12843,-6412,-6079]} 1. Nf3 d5 2. e3 Nf6 3. c4 c5 (3... e6 4. b3 Be7 5. Bb2 O-O 6. Be2 dxc4 7. bxc4 c5 8. Rg1 Ne4 9. Qc2 Bf6 10. Bxf6 Qxf6 11. d4 Nd6 12. Nc3 cxd4 13. exd4 Nc6 14. Rd1 {0-1 (71) Caruana,F (2822)-Aronian,L (2767) chess.com INT 2018}) 4. a3 Nc6 5. cxd5 Nxd5 {LiveBook: 3 Games} 6. d4 {A06: Réti Opening:1 Nf3 d5} e6 7. Be2 cxd4 8. Nxd4 {The position is equal.} Bd7 $146 ({Predecessor:} 8... Nxd4 9. Qxd4 Bd7 10. O-O Nf6 11. Nc3 Be7 12. e4 {½-½ (28) Goris Schouwstra,A (1884)-Sieber,W (1887) Davos 2006}) 9. e4 Nxd4 10. Qxd4 Rc8 11. O-O Qb6 12. Qxb6 ({Better is} 12. Qd3 $14 Nf6 13. Nc3) 12... Nxb6 $11 13. Nc3 Nc4 14. Rd1 f6 15. Bxc4 Rxc4 16. Be3 a6 17. Rd3 {next Rad1 is good for White.} Rc8 18. Rad1 Bc6 19. f3 Be7 20. g4 Kf7 21. Kg2 Rhd8 22. Rxd8 Bxd8 23. h4 $1 Bc7 24. h5 Be5 25. Bd4 Bb8 26. Bb6 Bf4 27. Kf2 Be8 28. Be3 Be5 29. Bd4 Bf4 30. Be3 Be5 31. Bd4 Bb8 32. Ke2 Bc6 33. Bb6 Bh2 34. Rd8 Rxd8 35. Bxd8 $15 {[%mdl 4096] Endgame KBB-KBN} Bf4 36. Kd3 {[#]} f5 $1 {[%mdl 512]} 37. Bb6 (37. a4 $15) (37. exf5 exf5) 37... Bc1 38. Kc2 Bg5 39. Kd3 Bc1 40. Kc2 Bg5 41. Kd3 h6 (41... fxg4 $17 42. fxg4 Be7) 42. Bd4 ({White should play} 42. Bc7 $15) 42... fxg4 $17 43. fxg4 Bc1 44. Nd1 {[#]} Bb5+ $1 45. Kc2 Bf4 46. Nf2 e5 47. Bc5 Be2 48. b4 b5 49. Kc3 Kf6 50. Bd6 Be3 51. Nd3 $2 (51. Bc5 Bxf2 52. Bxf2) 51... Bd4+ $19 {Black is clearly winning.} 52. Kd2 Bxd3 53. Kxd3 {KB-KB} Kg5 54. Bc5 Ba1 55. Bf8 Kxg4 56. Bxg7 Kxh5 57. Ke3 Bb2 58. Kf3 Kg6 59. Bh8 h5 60. Kg3 Bxa3 61. Bxe5 Bxb4 {Precision: White = 41%, Black = 63%.} 0-1

[Event "105th British-ch 2018"]
[Site "Hull"]
[Date "2018.08.04"]
[Round "8"]
[White "Tan, Justin Hy"]
[Black "Ghasi, Ameet K"]
[Result "1/2-1/2"]
[WhiteElo "2481"]
[BlackElo "2494"]
[Annotator "ChessBase"]
[PlyCount "98"]
[EventDate "2018.07.28"]
[EventType "swiss"]
[EventCountry "GBR"]
[SourceTitle "playchess.com"]
[Source "ChessBase"]
[SourceQuality "1"]
[TimeControl "40/5400+30:1800+30"]

1. e4 {[%emt 0:00:00]} c6 {[%emt 0:00:25]} 2. d4 {[%emt 0:00:00]} d5 {[%emt 0:00:06]} 3. e5 {[%emt 0:00:00]} Bf5 {[%emt 0:00:17]} 4. Nf3 {[%emt 0:00:00]} e6 {[%emt 0:00:13]} 5. Be2 {[%emt 0:00:00]} c5 {[%emt 0:00:06]} 6. Be3 {[%emt 0:00:17]} cxd4 {[%emt 0:04:03]} 7. Nxd4 {[%emt 0:00:12]} Ne7 {[%emt 0:00:06]} 8. c4 {[%emt 0:08:52]} Nbc6 {[%emt 0:07:24]} 9. O-O {[%emt 0:13:41]} dxc4 {[%emt 0:09:53]} 10. Bxc4 {[%emt 0:04:00]} Nxd4 {[%emt 0:02:37]} 11. Bxd4 {[%emt 0:00:12]} a6 {[%emt 0:00:57]} 12. Bc3 {[%emt 0:05:38]} Qxd1 {[%emt 0:18:07]} 13. Rxd1 {[%emt 0:01:33]} Nc6 {[%emt 0:03:31]} 14. a3 {[%emt 0:14:31]} Rc8 {[%emt 0:07:40]} 15. Nd2 {[%emt 0:04:58]} Be7 {[%emt 0:04:55]} 16. Be2 {[%emt 0:08:52]} O-O {[%emt 0:02:12]} 17. Bf3 {[%emt 0:03:52]} Bc2 {[%emt 0:06:00]} 18. Re1 {[%emt 0:02:14]} Rfd8 {[%emt 0:01:45]} 19. Rac1 {[%emt 0:03:25]} Bd3 {[%emt 0:05:33]} 20. Ne4 {[%emt 0:01:38]} Bb5 {[%emt 0:04:52]} 21. g3 {[%emt 0:10:15]} Ba4 {[%emt 0:00:42]} 22. h4 {[%emt 0:02:33]} Bb3 {[%emt 0:01:01]} 23. Kg2 {[%emt 0:02:12]} h6 {[%emt 0:01:25]} 24. h5 {[%emt 0:00:40]} Rd7 {[%emt 0:05:15]} 25. Nd2 {[%emt 0:05:00]} Bd5 {[%emt 0:00:26]} 26. Bxd5 {[%emt 0:00:02]} Rxd5 {[%emt 0:00:18]} 27. Nc4 {[%emt 0:00:15]} Rc5 {[%emt 0:04:33]} 28. Nb6 {[%emt 0:02:07]} Rd8 {[%emt 0:00:09]} 29. b4 {[%emt 0:03:45]} Rb5 {[%emt 0:00:06]} 30. Nc4 {[%emt 0:00:04]} Rbd5 {[%emt 0:01:04]} 31. Ne3 {[%emt 0:00:29]} Rd3 {[%emt 0:01:45]} 32. Nc4 {[%emt 0:01:36]} b5 {[%emt 0:04:33]} 33. Nb2 {[%emt 0:00:11]} R3d5 {[%emt 0:00:17]} 34. Nd1 {[%emt 0:01:21]} Rd3 {[%emt 0:02:43]} 35. Nb2 {[%emt 0:00:11]} R3d5 {[%emt 0:00:01]} 36. Nd1 {[%emt 0:00:00]} a5 {[%emt 0:00:23]} 37. Ne3 {[%emt 0:01:03]} Rd3 {[%emt 0:00:35]} 38. Bb2 {[%emt 0:00:01]} axb4 {[%emt 0:01:38]} 39. Rxc6 {[%emt 0:00:01]} bxa3 40. Bc1 {[%emt 0:03:40]} Ra8 {[%emt 0:01:36]} 41. Nc2 {[%emt 0:10:14]} b4 {[%emt 0:05:35]} 42. Re3 {[%emt 0:04:50]} Rd1 {[%emt 0:13:37]} 43. Na1 {[%emt 0:00:27]} Rad8 {[%emt 0:01:01]} 44. Rc7 {[%emt 0:01:00]} R8d7 {[%emt 0:02:46]} 45. Rxd7 {[%emt 0:00:57]} Rxd7 {[%emt 0:00:04]} 46. Nb3 {[%emt 0:00:29]} Rd1 {[%emt 0:01:13]} 47. Re2 {[%emt 0:01:03]} Rd3 {[%emt 0:00:44]} 48. Re3 {[%emt 0:00:15]} Rd1 {[%emt 0:01:07]} 49. Re2 {[%emt 0:02:08]} Rd3 {[%emt 0:02:55]} 1/2-1/2

[Event "105th British-ch 2018"]
[Site "Hull"]
[Date "2018.08.04"]
[Round "8"]
[White "Wells, Peter K"]
[Black "Wall, Tim P"]
[Result "1-0"]
[WhiteElo "2426"]
[BlackElo "2234"]
[Annotator "TA"]
[PlyCount "31"]
[EventDate "2018.07.28"]
[EventType "swiss"]
[EventCountry "GBR"]
[SourceTitle "playchess.com"]
[Source "ChessBase"]
[SourceQuality "1"]

{[%evp 13,31,0,84,82,73,81,84,77,122,96,156,127,123,77,243,209,684,682,654,630]} 1. d4 {[%cal Bd2d4,Bd4d5][%mdl 32]} f5 2. e4 fxe4 3. Nc3 Nf6 4. Bg5 Nc6 5. d5 Ne5 6. Qe2 c6 {A83: Holländische Verteidigung (Staunton-Gambit)} (6... Nf7 7. Bxf6 exf6 8. Nxe4 Qe7 9. d6 Nxd6 10. Nxd6+ cxd6 11. O-O-O Qxe2 12. Bxe2 Rb8 13. Nf3 a6 14. h4 {½-½ (54) Dobrov,V (2499)-L'Ami,E (2605) Wijk aan Zee 2017 CBM 177 [Meulders,R]}) 7. O-O-O Qa5 {LiveBook: 5 Partien} (7... Nxd5 $11 8. Nxd5 Nf7) 8. f4 $16 {[#] Droht Lxf6 und aus.} Nf7 {[%cal Rf6d5] Weiß steht besser.} 9. Bxf6 $1 gxf6 10. Qxe4 Bh6 $146 ({Vorgänger:} 10... Bg7 11. Nge2 e6 12. f5 O-O 13. fxe6 dxe6 14. dxe6 {1-0 (26) Cherniaev,A (2428)-Wiersma,E (2403) London 2009}) 11. Kb1 Nd6 (11... Bg7 $142) 12. Qe2 Bxf4 13. Qh5+ Nf7 $2 {[#]} (13... Kd8 $16 {war nötig.}) 14. Nf3 $18 Be5 $2 (14... d6 15. Bc4 c5) 15. Nxe5 fxe5 16. Bd3 1-0